Derechos del personal de salud / (Record no. 182000)

MARC details
000 -CABECERA
campo de control de longitud fija 00855nam a2200241 u 4500
005 - FECHA Y HORA DE LA ÚLTIMA TRANSACCIÓN
campo de control 20210223132908.0
008 - ELEMENTOS DE LONGITUD FIJA--INFORMACIÓN GENERAL
campo de control de longitud fija 160428s2015 r 000 0 eng d
020 ## - NÚMERO INTERNACIONAL NORMALIZADO PARA LIBROS
Número Internacional Estándar del Libro 9786079419394
035 ## - NÚMERO DE CONTROL DEL SISTEMA
Número de control de sistema UPN01000209899
049 ## - COLECCIÓN
Colección CG
050 #4 - SIGNATURA TOPOGRÁFICA DE LA BIBLIOTECA DEL CONGRESO
Número de clasificación KGF4446
Número de documento/Ítem H4.2 2015
100 1# - ASIENTO PRINCIPAL--NOMBRE PERSONAL
Nombre de persona Hernández, María del Pilar
9 (RLIN) 38767
245 10 - MENCIÓN DE TÍTULO
Título Derechos del personal de salud /
Mención de responsabilidad, etc. María del Pilar Hernández.
250 ## - MENCIÓN DE EDICIÓN
Mención de edición 3a ed.
260 ## - PUBLICACIÓN, DISTRIBUCIÓN, ETC.
Lugar de publicación, distribución, etc. México :
Nombre del editor, distribuidor, etc. INEHRM :
-- UNAM, Instituto de Investigaciones Jurídicas,
Fecha de publicación, distribución, etc. 2015.
300 ## - DESCRIPCIÓN FÍSICA
Extensión xix, 51 p.
440 #0 - MENCIÓN DE SERIE/ASIENTO SECUNDARIO--TÍTULO
Título Biblioteca constitucional.
Nombre de parte o sección de la obra Nuestros derechos
650 #4 - ASIENTO SECUNDARIO DE MATERIA - TERMINO TEMATICO
Término de materia o nombre geográfico como elemento de entrada PERSONAL DE SALUD PUBLICA -
Subdivisión general SITUACION LEGAL, LEYES, ETC. -
Subdivisión geográfica MEXICO
9 (RLIN) 14028
650 #4 - ASIENTO SECUNDARIO DE MATERIA - TERMINO TEMATICO
Término de materia o nombre geográfico como elemento de entrada MEDICINA -
Subdivisión general LEYES Y LEGISLACION -
Subdivisión geográfica MEXICO
650 #4 - ASIENTO SECUNDARIO DE MATERIA - TERMINO TEMATICO
Término de materia o nombre geográfico como elemento de entrada SALUD PUBLICA -
Subdivisión general LEYES Y LEGISLACION -
Subdivisión geográfica MEXICO
9 (RLIN) 23025
905 ## - TIPO DE MATERIAL
Tipo de material Libro
Holdings
Estado de retiro Estado de pérdida Fuente del sistema de clasificación o colocación Estado dañado No para préstamo Código de colección Localización permanente Ubicación/localización actual Ubicación en estantería Total de préstamos Clasificación Código de barras Fecha visto por última vez Número de copia Tipo de ítem Koha
    Library of Congress Classification     Colección General Bib. Gregorio Torres Quintero Bib. Gregorio Torres Quintero Planta baja   KGF4446 H4.2 2015 310158 31/12/2020 1 Libro
    Library of Congress Classification     Colección General Bib. Gregorio Torres Quintero Bib. Gregorio Torres Quintero Planta baja   KGF4446 H4.2 2015 317297 31/12/2020 1 Libro
    Library of Congress Classification     Colección General Bib. Gregorio Torres Quintero Bib. Gregorio Torres Quintero Planta baja   KGF4446 H4.2 2015 317298 31/12/2020 1 Libro